|
|
|
|
| LEADER |
00000cam a2200000 7i4500 |
| 001 |
0000031348 |
| 005 |
20120117.0 |
| 008 |
120117 |
| 020 |
|
|
|a 9830401197
|
| 090 |
0 |
0 |
|a 297
|b ZAY
|
| 100 |
1 |
|
|a Zaydan, Abd al-Karim
|
| 245 |
1 |
0 |
|a Takrif Islam
|c Abd al-Karim Zaydan
|
| 260 |
|
|
|a Selangor :
|b Al-Ramadhan ,
|c 1996
|
| 440 |
|
|
|a Siri Iman
|
| 650 |
|
0 |
|a Islam
|
| 700 |
1 |
|
|a Baharuddin Ayudin
|
| 999 |
|
|
|a 0000451573
|b Book
|c Adult Collection
|e Cawangan Muar
|
| 999 |
|
|
|a 0000451585
|b Book
|c Adult Collection
|e Cawangan Pontian
|
| 999 |
|
|
|a 0000764069
|b Book
|c Adult Collection
|e Cawangan Bandar Penawar
|
| 999 |
|
|
|a 0000775565
|b Book
|c Adult Collection
|e Cawangan Pontian
|
| 999 |
|
|
|a 0000775566
|b Book
|c Adult Collection
|e Cawangan Pontian
|
| 999 |
|
|
|a 0000775567
|b Book
|c Adult Collection
|e Cawangan Pontian
|
| 999 |
|
|
|a 0000775568
|b Book
|c Adult Collection
|e Cawangan Pontian
|
| 999 |
|
|
|a 0000775569
|b Book
|c Adult Collection
|e Cawangan Pontian
|
| 999 |
|
|
|a 0000830904
|b Book
|c Adult Collection
|e Cawangan Segamat
|
| 999 |
|
|
|a 0000830905
|b Book
|c Adult Collection
|e Cawangan Segamat
|
| 999 |
|
|
|a 0000834084
|b Book
|c Adult Collection
|e Cawangan Mersing
|
| 999 |
|
|
|a 0000834085
|b Book
|c Adult Collection
|e Cawangan Mersing
|
| 999 |
|
|
|a 0000873932
|b Book
|c Adult Collection
|e Cawangan Mersing
|
| 999 |
|
|
|a 0001028275
|b Book
|c Adult Collection
|e Perbadanan Perpustakaan Awam Johor
|